000 01724cam a2200349 i 4500
003 SA-RiAUC
005 20251112115647.0
008 251111s1987 ua a f i100r0 ara c
020 _a4277511
040 _aSA-RiAUC
_bara
_cSA-RiAUC
_dSA-RiKSU
_erda
043 _aa-tu---
082 0 4 _a332.1221072
_qSA-RiAUC
090 _a332.1221072
_b ا ت ح
110 2 _aالاتحاد الدولي للبنوك الإسلامية.
_bمؤتمر
_n(1 :
_d1986 :
_cإسطنبول، تركيا)
245 1 0 _aبحوث مختارة من المؤتمر العام الأول للبنوك الإسلامية المنعقد باستنبول [تركيا] في الفترة من 14-17 صفر 1407 الموافق 18-21 أكتوبر 1986.
250 _aالطبعة الأولى.
264 1 _aالقاهرة :
_bالاتحاد الدولي للبنوك الإسلامية :
_bدار الغد العربي،
_c1987
264 3 _aمصر :
_bمطابع المنار العربي
300 _a289 صفحة :
_bجداول ؛
_c25 × 18 سم
336 _aنص
_btxt
_2rdacontent
_3كتاب
337 _aبدون وسيط
_bn
_2rdamedia
338 _aمجلد
_bnc
_2rdacarrier
500 _aأ ب أ/9 م9 ع1.
500 _aيشتمل على ملاحق.
650 7 _aالاقتصاد الإسلامي
_xبحوث
_vمؤتمرات
_2aucsh
650 7 _aالاقتصاد الإسلامي
_xبحوث
_xمطبوعات حكومية
_2aucsh
650 7 _aالبنوك الإسلامية
_xبحوث
_vمؤتمرات
_2aucsh
650 7 _aالبنوك الإسلامية
_xبحوث
_xمطبوعات حكومية
_2aucsh
650 7 _aالمطبوعات الحكومية
_2aucsh
942 _2ddc
_cBOOK
_n0
949 _aSA-JeALM
_d251111
_umohamedma123
_n1
999 _c13196
_d13196